000 00294nam a22001337a 4500
008 170929b xxu||||| |||| 00| 0 eng d
020 _a9780130968692
041 _aeng
080 _211th
_a37
100 _a47
101 _aEDU
245 _aINTRODUCTION TO LOGIC
_cCOPI,I,M
942 _2udc
_cBK
999 _c30748
_d30748